00452nam a2200181 a 4500001000400000003000900004008004100013040002800054082001600082100002600098245002200124250000700146260002700153300001500180490002600195500002800221650002100249734CO-ViMGA141112s2004 ck r 000 u spa d aCO-ViMGAbspacCO-ViMGA a839.9 N677a1 aNostlinger, Christine10aLa autentica Susi a6a aMadrid : bS.M, c1994 a171 p : il aEl barco de vapor, 65 aA partir de 9 años. 14aNOVELA AUSTRIACA